Vzťah znalostnej ekonomiky a výkonnostnej medzery

Analýza a zhodnotenie procesu reálnej konvergencie slovenskej ekonomiky k vyspelým krajinám v oblastiach, ako sú oblasť znalostnej ekonomiky a vývoj slovenskej ekonomiky z hľadiska výkonnosti a štruktúry. Reálne zbližovanie je analyzované prostredníctvom makroekonomických ukazovateľov výkonnosti eko...

ver descrição completa

Na minha lista:
Detalhes bibliográficos
Autor principal: Buday, Jozef
Formato: Capítulo de Livro
Idioma:eslovaco
Assuntos:
Tags: Adicionar Tag
Sem tags, seja o primeiro a adicionar uma tag!

MARC

LEADER 00000nla$a2200000$$$4500
001 0125876
005 20240502072432.7
041 0 |a slo 
044 |a SK 
245 1 0 |a Vzťah znalostnej ekonomiky a výkonnostnej medzery  |c Jozef Buday 
520 |a Analýza a zhodnotenie procesu reálnej konvergencie slovenskej ekonomiky k vyspelým krajinám v oblastiach, ako sú oblasť znalostnej ekonomiky a vývoj slovenskej ekonomiky z hľadiska výkonnosti a štruktúry. Reálne zbližovanie je analyzované prostredníctvom makroekonomických ukazovateľov výkonnosti ekonomík vybraných krajín EÚ v časovom horizonte rokov 2000 až 2010. Porovnaním makroekonomických ukazovateľov a vzťahov medzi nimi je možné získať prehľad o miere úspešnosti tohto procesu – približovania výšky HDP per capita k priemeru EÚ, naďalej prebiehajúceho procesu bez ohľadu na zavŕšený proces nominálnej konvergencie vstupom Slovenska do eurozóny po splnení maastrichtských kritérií. 
610 2 0 |a konvergencia 
610 2 0 |a situácia hospodárska 
610 2 0 |a rast hospodársky 
610 2 0 |a porovnanie medzinárodné 
610 2 0 |a produkt domáci hrubý 
610 2 0 |a produktivita práce 
610 2 0 |a výdavky 
610 2 0 |a výskum 
610 2 0 |a vývoj 
610 2 0 |a ekonomika vedomostná 
610 2 0 |a eurozóna 
610 2 0 |a Európska únia 
610 2 0 |a Slovensko 
100 1 |a Buday, Jozef